00982nam a2200241 i 450000100060000000300090000600500170001500700030003200800410003510000360007624501070011226000340021930000280025350501370028170000230041870000360044170000330047774000260051074000290053685200340056599900170059995201240061641581ES-MaACL20230906160446.0t|030311s1968 sp ||||1| spa d1 aCassignol, Etienne Jean.93635210aTeoría y práctica de los circuitos con semiconductores / cE. J. Cassignol ; prólogo J. Lagasse. aMadrid : bParaninfo, c1968. a2 v. : bil. ; c22 cm.8 aV.I.: Electrónica lineal / [traducido, Juan Antonio de Miguel]. V.II.: Electrónica no lineal / [ traducido, J. Sánchez Solera]1 aLagasse, J.9695621 aMiguel, Juan Antonio de.9810131 aSánchez Solera, J.91029410 aElectrónica lineal.0 aElectrónica no lineal. aES-MaACLjC-35208-9 bR.65631 c41581d41581 00104070aATENEOMbATENEOMcDEPO2d2008-01-17eSCl0oC-35208-9p1043775r2023-02-23 00:00:00w2023-02-23yMONOGRAFIA